| 000 | 01019cab a2200253 4500 | ||
|---|---|---|---|
| 001 | X91220 | ||
| 008 | 090401t1998 xxu||||| |||| 00| 0 eng d | ||
| 035 | _a(Sirsi) u85689 | ||
| 041 | _aeng | ||
| 245 | _aStroud DC and Management Services Ltd | ||
| 260 | _c1998 | ||
| 350 | _a0 | ||
| 490 |
_aPlanning Appeal Decisions _v[1998] 13 PAD 143-147(5) |
||
| 520 | _a26 November 1997. Outline application - 10 dwellings - structure and local plans - PPGs 1,3,7 - village boundary - housing shortfall - consultative document`s slight weight - minimal harm to distant views - footpaths - walks - separation of village from countryside. (From journal headnote.) | ||
| 650 | _aPLANNING PERMISSION | ||
| 650 | _aPLANNING POLICY GUIDANCE NOTE 1 | ||
| 650 | _aPLANNING POLICY GUIDANCE NOTE 3 | ||
| 650 | _aPLANNING POLICY GUIDANCE NOTE 7 | ||
| 650 | _aRESIDENTIAL DEVELOPMENT | ||
| 650 | _aSTROUD DC AND MANAGEMENT SERVICES LTD | ||
| 690 | _aPLANNING LAW AND PRACTICE-CASE LAW | ||
| 942 | _n0 | ||
| 948 | _c20/04/1998 | ||
| 999 |
_c53898 _d53898 |
||